MARC

Tag First Indicator Second Indicator Subfields
LEADER 00000cam a2200000Ka 4500
001 in00003827713
006 m o d
007 cr cnu---unuuu
008 101220s1995 enka ob 001 0 eng d
005 20260609152848.5
019 |a 123450833  |a 923650497 
020 |a 9781907625824  |q (electronic bk.) 
020 |a 1907625828  |q (electronic bk.) 
020 |a 9781601191830 
020 |a 1601191839 
020 |z 0901716782 
020 |z 9780901716781 
035 |a (OCoLC)693782715  |z (OCoLC)123450833  |z (OCoLC)923650497 
037 |b Knovel Corporation  |n http://www.knovel.com 
040 |a N$T  |b eng  |e pn  |c N$T  |d E7B  |d OCLCQ  |d OCLCF  |d OCLCO  |d KNOVL  |d ZCU  |d OCLCO  |d EBLCP  |d OCLCO  |d OCLCQ  |d OCLCO  |d OCLCQ  |d STF  |d OCLCQ  |d UtOrBLW 
049 |a TXAM 
050 4 |a TA418.74  |b .W67 1995eb 
072 7 |a SCI  |x 050000  |2 bisacsh 
082 0 4 |a 620.11223  |2 22 
084 |a NB 43  |2 blsrissc 
245 0 2 |a A working party report on guidelines for methods of testing and research in high temperature corrosion /  |c edited by H.J. Grabke and D.B. Meadowcroft. 
264 1 |a London :  |b Published for the European Federation of Corrosion by the Institute of Materials,  |c 1995. 
300 |a 1 online resource (xii, 224 pages) :  |b illustrations. 
336 |a text  |b txt  |2 rdacontent 
337 |a computer  |b c  |2 rdamedia 
338 |a online resource  |b cr  |2 rdacarrier 
490 1 |a Book / Institute of Metals ;  |v no. 604 
490 1 |a Publications / European Federation of Corrosion ;  |v no. 14 
504 |a Includes bibliographical references and index. 
505 0 |a Guidelines for plant measurements of high temperature corrosion / D.B. Meadowcroft and J.E. Oakey -- Discontinuous measurements of high temperature corrosion / J.R. Nicholls -- In situ measurement techniques / M.J. Bennett -- Thermogravimetry ; Definition and preparation of gas atmospheres / H.J. Grabke -- Corrosion in the presence of melts and solids / S.R.J. Saunders -- Simultaneous corrosion and mechanical or thermal stresses / M. Schutze, V. Guttmann, M.F. Stroosnijder -- Corrosion and wear or erosion / F.H. Stott -- Oxidation/corrosion of advanced ceramics : a review of the progress towards test method standardisation / D.J. Baxter -- Metallography, electron microprobe and X-ray structure analysis / A. Rahmel and V. Kolarik -- Surface microsurgery preparation procedures for high temperature corrosion characterisation / M.J. Bennett -- The application of transmission electron microscopy in the analysis of high temperature corrosion / M. Ruhle and E. Schumann -- The application of surface analysis techniques in high temperature corrosion research / W.J. Quadakkers and H. Viefhaus. 
588 0 |a Print version record. 
500 |a Electronic resource. 
650 0 |a Corrosion and anti-corrosives  |x Testing.  |0 http://id.loc.gov/authorities/subjects/sh2009122055 
650 0 |a Materials at high temperatures  |x Testing. 
650 0 |a Materials at high temperatures  |x Corrosion. 
650 4 |a Corrosion and anti-corrosives  |x Testing. 
650 4 |a Materials at high temperatures  |x Corrosion. 
650 4 |a Materials at high temperatures  |x Testing. 
650 7 |a SCIENCE  |x Nanoscience.  |2 bisacsh 
650 7 |a Corrosion and anti-corrosives  |x Testing.  |2 fast  |0 (OCoLC)fst00880357 
650 7 |a Materials at high temperatures  |x Corrosion.  |2 fast  |0 (OCoLC)fst01011905 
650 7 |a Materials at high temperatures  |x Testing.  |2 fast  |0 (OCoLC)fst01011910 
653 0 |a Corrosion 
655 7 |a Electronic books.  |2 local 
700 1 |a Grabke, H. J.  |0 http://id.loc.gov/authorities/names/no95060473 
700 1 |a Meadowcroft, D. B.  |0 http://id.loc.gov/authorities/names/n84188220 
710 2 |a Knovel (Firm)  |0 http://id.loc.gov/authorities/names/nr2001027264 
710 2 |a European Federation of Corrosion.  |0 http://id.loc.gov/authorities/names/n82093745 
710 2 |a Institute of Materials (London, England) 
776 1 8 |i Print version:  |t Working party report on guidelines for methods of testing and research in high temperature corrosion.  |d London : Published for the European Federation of Corrosion by the Institute of Materials, 1995  |z 0901716782  |w (OCoLC)33103276 
830 0 |a Publications (European Federation of Corrosion) ;  |v no. 14.  |0 http://id.loc.gov/authorities/names/n88523859 
830 0 |a Book (Institute of Materials (London, England)) ;  |v no. 604. 
856 4 0 |u http://proxy.library.tamu.edu/login?url=https://app.knovel.com/hotlink/toc/id:kpGMTRHTC1/guidelines-for-methods  |z Connect to the full text of this electronic book  |t 0 
999 f f |s 1b6144f2-ef52-318a-9f95-77014502d537  |i 93ac44e9-a917-3554-961f-3886d88c3a46  |t 0 
952 f f |a Texas A&M University  |b College Station  |c Electronic Resources  |s www_evans  |d Available Online  |t 0  |e TA418.74 .W67 1995eb  |h Library of Congress classification 
998 f f |a TA418.74 .W67 1995eb  |t 0  |l Available Online